00705nam a2200157 a 450000100100000000500170001000800410002704000250006808200160009310000260010924501370013526000550027230000200032795201830034799900170053000003292120200930065920.0110801s1911 dr 000 0 spa d aDO-SdBNPbspacBNPHU axxxxbR457d1 aReyes, Maestro95867410aDiscurso de inauguración del monumento que el I. Ayuntamiento de la Capital consagrada al Maestro Reyes, autor del himno nacional. aSanto Domingo :bImp. La Cuna de América,c1911. a12 p. ;c21 cm. 0010718PDaPDbPDcCTd2011-08-01iLF1l0oxxxx R457dp32921-10r2020-06-25w2020-06-25yLFPDzPerteneció a la biblioteca personal de Carlos Larrazábal BlancoZNo se presta c32412d32412